000 00529nam a2200181Ia 4500
008 210423s2012 xx 000 0 und d
020 _a9788126511075
041 _aeng
082 _a541.0421 WESA
100 _aWEST (Anthony R).
245 _aSolid state chemistry and its applications.
260 _aNew Delhi
_bWiley India Pvt Ltd
_c2012
300 _avii,734
_bPB
365 _b599
_cINR
650 _aChemistry
650 _aPhysical & Theoretical Chemistry
906 _aapplications. ; chemistry ; its ; Solid ; state
999 _c162308
_d162308